Food path : (Record no. 331313)
[ view plain ]
| 000 -LEADER | |
|---|---|
| fixed length control field | 01050cam a2200289 a 4500 |
| 001 - CONTROL NUMBER | |
| control field | 14236189 |
| 003 - CONTROL NUMBER IDENTIFIER | |
| control field | NUST |
| 005 - DATE AND TIME OF LATEST TRANSACTION | |
| control field | 20170922171108.0 |
| 008 - FIXED-LENGTH DATA ELEMENTS--GENERAL INFORMATION | |
| fixed length control field | 060120s2005 ii a 001 0 eng |
| 010 ## - LIBRARY OF CONGRESS CONTROL NUMBER | |
| LC control number | 2006310307 |
| 020 ## - INTERNATIONAL STANDARD BOOK NUMBER | |
| International Standard Book Number | 8174363629 |
| 025 ## - OVERSEAS ACQUISITION NUMBER | |
| Overseas acquisition number | I-E-2006-310307; 33; 67-08 |
| 037 ## - SOURCE OF ACQUISITION | |
| Source of stock number/acquisition | Library of Congress -- New Delhi Overseas Office |
| Terms of availability | Rs595.00 |
| 040 ## - CATALOGING SOURCE | |
| Original cataloging agency | DLC |
| Transcribing agency | DLC |
| Modifying agency | DLC |
| 042 ## - AUTHENTICATION CODE | |
| Authentication code | lcode |
| 043 ## - GEOGRAPHIC AREA CODE | |
| Geographic area code | a-ii--- |
| -- | a-pk--- |
| 050 00 - LIBRARY OF CONGRESS CALL NUMBER | |
| Classification number | TX724.5.I4 |
| Item number | P258 2005 |
| 082 ## - DEWEY DECIMAL CLASSIFICATION NUMBER | |
| Classification number | 641.5954 |
| Author Mark | PAN |
| 100 1# - MAIN ENTRY--PERSONAL NAME | |
| Personal name | Pant, Pushpesh, |
| Dates associated with a name | 1946- |
| 9 (RLIN) | 4927 |
| 245 10 - TITLE STATEMENT | |
| Title | Food path : |
| Remainder of title | cuisine along the Grand Trunk road, from Kabul to Kolkata / |
| Statement of responsibility, etc. | Pushpesh Pant with Huma Mohsin. |
| 260 ## - PUBLICATION, DISTRIBUTION, ETC. | |
| Place of publication, distribution, etc. | New Delhi : |
| Name of publisher, distributor, etc. | Roli Books, |
| Date of publication, distribution, etc. | 2005. |
| 300 ## - PHYSICAL DESCRIPTION | |
| Extent | 141 p. : |
| Other physical details | col. ill., col. map ; |
| Dimensions | 22 x 32 cm. |
| 500 ## - GENERAL NOTE | |
| General note | Includes index. |
| 650 #0 - SUBJECT ADDED ENTRY--TOPICAL TERM | |
| Topical term or geographic name entry element | Cooking, Indic |
| General subdivision | Northern style. |
| 9 (RLIN) | 4928 |
| 700 1# - ADDED ENTRY--PERSONAL NAME | |
| Personal name | Mohsin, Huma. |
| 9 (RLIN) | 4929 |
| 906 ## - LOCAL DATA ELEMENT F, LDF (RLIN) | |
| a | 7 |
| b | cbc |
| c | origode |
| d | 3 |
| e | ncip |
| f | 20 |
| g | y-gencatlg |
| 942 ## - ADDED ENTRY ELEMENTS (KOHA) | |
| Source of classification or shelving scheme | |
| Koha item type | Book |
| Withdrawn status | Lost status | Source of classification or shelving scheme | Damaged status | Not for loan | Collection code | Permanent Location | Current Location | Shelving location | Date acquired | Total Checkouts | Full call number | Barcode | Date last seen | Copy number | Price effective from | Koha item type |
|---|---|---|---|---|---|---|---|---|---|---|---|---|---|---|---|---|
| Central Library (CL) | Central Library (CL) | Book Cart | 09/22/2017 | 641.5954 PAN | CL2343 | 01/07/2019 | 1 | 09/22/2017 | Book |
